000 00672nam a2200217 a 4500
005 20210219153041.0
008 991125n 000 0 u
035 _aUPN01000074793
100 _aHall, Joseph, W.
222 _aJOURNAL OF SPEECH, LANGUAGE, AND HEARING RESEARCH
245 _aThe effect to otitis media with effusion on the masking-level fifference and the auditory brainstem response
300 _a210-217
362 _a36, No. 1, 1993
505 _aAgosto 1993
653 0 _aENFERMEDAD CRONICA
653 0 _aIMPEDIMENTOS NEUROLOGICOS
653 0 _aPERCEPCION AUDITIVA
700 _aGrose, John H.
904 _aAC
_b012604
905 _aArticulo
999 _c67129
_d67129